000 00420nam a2200169Ia 4500
003 GCL
008 140319s9999 xx 000 0 eng d
040 _aGCL /
_cGCL
082 0 4 _a709.59
_bR A
100 1 _aRAWSON,PHILIP
245 1 0 _aTHE ART OF SOUTHEAST ASIA /
_cRAWSON,PHILIP
260 _a[S.N] :
_bTHAMES AND HUDSON ،
_c1990
300 _a288
650 0 4 _aARTS
650 0 4 _aSOUTHEAST ASIA
942 _2ddc
_cBK
999 _c24115
_d24115